[Event "SWE-chT 2324 Elite"]
[Site "Sweden"]
[Date "2024.03.04"]
[Round "6.38"]
[White "Ertan, Can"]
[Black "Jonsson, Mikael"]
[Result "1-0"]
[WhiteElo "2358"]
[BlackElo "2196"]
[PlyCount "51"]
[EventDate "2023.10.13"]
[EventType "team-tourn"]
[EventRounds "9"]
[EventCountry "SWE"]
[SourceTitle "EXT 2025"]
[Source "ChessBase"]
[SourceDate "2024.10.14"]
[SourceVersion "1"]
[SourceVersionDate "2024.10.14"]
[SourceQuality "1"]
[WhiteTeam "Stockholm CC"]
[BlackTeam "Kungstornet"]
[WhiteTeamCountry "SWE"]
[BlackTeamCountry "SWE"]

1. e4 e5 2. Nf3 Nc6 3. Bb5 a6 4. Ba4 Nf6 5. 0-0 Be7 6. Re1 b5 7. Bb3 0-0 8. a4 b4 9. a5 d6 10. c3 Rb8 11. h3 Be6 12. Bc2 bxc3 13. bxc3 h6 14. d4 exd4 15. Nxd4 Bd7 16. Nd2 Re8 17. f4 Bf8 18. Qf3 Nxa5 19. Rxa5 c5 20. N4b3 c4 21. Nxc4 d5 22. Ncd2 dxe4 23. Nxe4 Rxb3 24. Nxf6+ Qxf6 25. Rxe8 Rxc3 26. Qe4 1-0

[Event "SWE-chT 2324 Elite"]
[Site "Sweden"]
[Date "2023.10.14"]
[Round "2.1"]
[White "Jonsson, Mikael"]
[Black "Eriksson, Anders"]
[Result "1/2-1/2"]
[WhiteElo "2196"]
[BlackElo "2182"]
[PlyCount "88"]
[EventDate "2023.10.13"]
[EventType "team-tourn"]
[EventRounds "9"]
[EventCountry "SWE"]
[SourceTitle "CBM 216 Extra"]
[Source "ChessBase"]
[SourceDate "2023.11.30"]
[SourceVersion "1"]
[SourceVersionDate "2023.11.30"]
[SourceQuality "1"]
[WhiteTeam "Kungstornet"]
[BlackTeam "Vasteras"]
[WhiteTeamCountry "SWE"]
[BlackTeamCountry "SWE"]

1. e4 c6 2. d4 d5 3. Nc3 dxe4 4. Nxe4 Bf5 5. Ng5 e6 6. g4 Bg6 7. h4 h5 8. gxh5 Bxh5 9. Qd3 Ne7 10. N5f3 Nd7 11. Bg5 Bg6 12. Qb3 Qb6 13. 0-0-0 Qxb3 14. axb3 f6 15. Bd2 Kf7 16. Re1 Bf5 17. Bg2 Nd5 18. Ne2 Nb4 19. Bxb4 Bxb4 20. Nd2 Rae8 21. Ng3 Bg6 22. Re2 Bd6 23. Bf3 Bf4 24. Kd1 Nb6 25. h5 Bh7 26. Be4 Rd8 27. Nf3 c5 28. Bg6+ Bxg6 29. hxg6+ Kxg6 30. Rxh8 Rxh8 31. dxc5 Rd8+ 32. Ke1 Nd7 33. Rxe6 Nxc5 34. Re7 Rd7 35. Rxd7 Nxd7 36. b4 Kf7 37. Ke2 Ke6 38. c4 Ne5 39. Nd4+ Kd7 40. Nh5 Bh6 41. b3 Nc6 42. Nf5 Nxb4 43. Nhxg7 Bc1 44. Nd4 a6 1/2-1/2

[Event "SWE-chT 1819 Elite"]
[Site "Sweden"]
[Date "2018.11.10"]
[Round "2.4"]
[White "Dragicevic, Drazen"]
[Black "Jonsson, Mikael"]
[Result "1-0"]
[WhiteElo "2344"]
[BlackElo "2236"]
[PlyCount "81"]
[EventDate "2018.11.09"]
[EventType "team-tourn"]
[EventRounds "9"]
[EventCountry "SWE"]
[SourceTitle "CBM 187 Extra"]
[Source "ChessBase"]
[SourceDate "2018.11.04"]
[SourceVersion "1"]
[SourceVersionDate "2018.11.04"]
[SourceQuality "1"]
[WhiteTeam "Lunds"]
[BlackTeam "Vasteras"]
[WhiteTeamCountry "SWE"]
[BlackTeamCountry "SWE"]

1. Nf3 g6 2. g3 Bg7 3. Bg2 c5 4. 0-0 Nc6 5. c4 Nf6 6. Nc3 0-0 7. Ne1 a6 8. Nd3 d6 9. a3 Na5 10. b3 Rb8 11. Nf4 Nd7 12. Qc2 Ne5 13. Rb1 Nac6 14. a4 Bd7 15. Ba3 Nd4 16. Qd1 Bc6 17. d3 Bxg2 18. Kxg2 b5 19. e3 Ndf3 20. axb5 axb5 21. Bb2 bxc4 22. bxc4 Qd7 23. Nb5 Qb7 24. e4 f5 25. Bxe5 Nxe5 26. Nc3 Qd7 27. Qa4 fxe4 28. Qxd7 Nxd7 29. Nxe4 Ne5 30. h4 Rb4 31. Rxb4 cxb4 32. Rb1 Rb8 33. Nd5 Nxd3 34. Nxe7+ Kf7 35. Nd5 b3 36. Nxd6+ Ke6 37. Nb5 b2 38. Ne3 Ra8 39. Nc7+ Kd6 40. Nxa8 Kc6 41. Nd5 1-0

[Event "SWE-chT 1516 Superettan"]
[Site "Sweden"]
[Date "2016.02.27"]
[Round "6"]
[White "Jonsson, Mikael"]
[Black "Janse, Rasmus"]
[Result "1/2-1/2"]
[WhiteElo "2290"]
[BlackElo "2230"]
[PlyCount "149"]
[EventDate "2015.11.06"]
[EventType "team-tourn"]
[EventRounds "9"]
[EventCountry "SWE"]
[SourceTitle "EXT 2018"]
[Source "ChessBase"]
[SourceDate "2017.10.13"]
[SourceVersion "1"]
[SourceVersionDate "2017.10.13"]
[SourceQuality "1"]
[WhiteTeam "Solna"]
[BlackTeam "Vasteras II"]
[WhiteTeamCountry "SWE"]
[BlackTeamCountry "SWE"]

1. d4 g6 2. e4 Bg7 3. Nc3 c5 4. Be3 cxd4 5. Bxd4 Bxd4 6. Qxd4 Nf6 7. 0-0-0 Nc6 8. Qd2 d6 9. f4 Qa5 10. Kb1 Be6 11. Bd3 0-0-0 12. Nf3 d5 13. e5 d4 14. Nxd4 Rxd4 15. exf6 exf6 16. a3 Bg4 17. Nb5 Qxd2 18. Rxd2 Rd7 19. Rf2 Be6 20. f5 Bd5 21. fxg6 hxg6 22. Rxf6 Ne5 23. Re1 Nxd3 24. cxd3 a6 25. Nd6+ Kc7 26. Rc1+ Kb8 27. Rc5 Be6 28. Nc4 Rxd3 29. Ne5 Rd5 30. Rxd5 Bxd5 31. Nxf7 Rf8 32. Ne5 Rxf6 33. Nd7+ Kc7 34. Nxf6 Bxg2 35. Kc2 Kd6 36. Ng4 Bh3 37. Nf2 Bf5+ 38. Kd2 Kd5 39. Nd3 Kd4 40. Nf2 Kc4 41. Nd1 Kb3 42. Kc1 Bd7 43. Nc3 Kc4 44. Kd2 Kd4 45. Ke2 Be6 46. Kd2 Bc4 47. Na4 b5 48. Nc3 Bf1 49. Ke1 Bc4 50. Kd2 g5 51. Nd1 Ke4 52. Ne3 Be6 53. Ke2 a5 54. b4 a4 55. Nc2 Bc4+ 56. Kd2 Ba2 57. Ke2 Bb1 58. Ne3 Kd4 59. Kd2 Bg6 60. Nd1 Kc4 61. Nc3 Bh7 62. Ne2 Kb3 63. Nd4+ Kxa3 64. Kc3 Ka2 65. Nxb5 a3 66. Kd4 Kb3 67. Nxa3 Kxb4 68. Nc4 Bf5 69. Nd6 Bd7 70. Ne4 g4 71. Nf6 Bc8 72. Ke4 Kc5 73. Kf4 Kd6 74. Nxg4 Bxg4 75. Kxg4 1/2-1/2

[Event "Vaxjo op"]
[Site "Vaxjo"]
[Date "2016.02.20"]
[Round "5"]
[White "Gutzmann, Tobias"]
[Black "Jonsson, Mikael"]
[Result "1/2-1/2"]
[WhiteElo "2155"]
[BlackElo "2284"]
[PlyCount "48"]
[EventDate "2016.02.19"]
[EventType "swiss"]
[EventRounds "8"]
[EventCountry "SWE"]
[SourceTitle "CBM 170 Extra"]
[Source "ChessBase"]
[SourceDate "2016.02.25"]
[SourceVersion "1"]
[SourceVersionDate "2016.02.25"]
[SourceQuality "1"]

1. d4 Nf6 2. c4 e5 3. dxe5 Ng4 4. Bf4 g5 5. Bg3 Bg7 6. Nf3 Nc6 7. h4 h6 8. hxg5 hxg5 9. Rxh8+ Bxh8 10. Nc3 Ngxe5 11. Nxe5 Nxe5 12. Qc2 Kf8 13. e3 d6 14. 0-0-0 Be6 15. Nb5 a6 16. Nd4 Qf6 17. f4 Nc6 18. Nxc6 bxc6 19. fxg5 Qxg5 20. Bf4 Qc5 21. Rd2 Rb8 22. Qa4 a5 23. Qa3 Qxa3 24. bxa3 c5 1/2-1/2

[Event "Vaxjo op"]
[Site "Vaxjo"]
[Date "2016.02.19"]
[Round "2"]
[White "Jonsson, Mikael"]
[Black "Westerberg, Jonathan"]
[Result "1-0"]
[WhiteElo "2284"]
[BlackElo "2481"]
[PlyCount "165"]
[EventDate "2016.02.19"]
[EventType "swiss"]
[EventRounds "8"]
[EventCountry "SWE"]
[SourceTitle "CBM 170 Extra"]
[Source "ChessBase"]
[SourceDate "2016.02.25"]
[SourceVersion "1"]
[SourceVersionDate "2016.02.25"]
[SourceQuality "1"]

1. e4 e6 2. d4 d5 3. exd5 exd5 4. c4 dxc4 5. Bxc4 Bd6 6. Nc3 Nf6 7. Nf3 0-0 8. 0-0 Nc6 9. h3 h6 10. Be3 Bf5 11. Re1 a6 12. a3 Qd7 13. Rc1 Rfe8 14. d5 Ne5 15. Nxe5 Bxe5 16. Qf3 Bg6 17. Bf4 Bd6 18. g4 Bxf4 19. Qxf4 Nh7 20. h4 h5 21. g5 Nf8 22. Kh2 Bf5 23. f3 Ng6 24. Qg3 Qd6 25. Qxd6 cxd6 26. Kg3 b5 27. Bf1 Kf8 28. Ne4 Bxe4 29. fxe4 Ra7 30. Rc6 Rd8 31. Rec1 Ne5 32. Rc7 Rd7 33. Rxd7 Nxd7 34. Rc6 Ke7 35. Kf4 g6 36. Rc8 Ne5 37. b3 Nd7 38. a4 b4 39. Rc6 a5 40. Bc4 Ne5 41. Rc8 Kd7 42. Rb8 Kc7 43. Rb5 Ra8 44. Bf1 Nd7 45. Bh3 Ne5 46. Bf1 Ra7 47. Bh3 Nd3+ 48. Ke3 Nc5 49. e5 Nxb3 50. e6 fxe6 51. dxe6 Nc5 52. Kd4 Ra8 53. Kd5 b3 54. e7 Re8 55. Rxa5 Rxe7 56. Ra7+ Nb7 57. Bf1 b2 58. Bd3 Kb6 59. Ra6+ Kc7 60. Rc6+ Kb8 61. Rb6 Re5+ 62. Kd4 Ra5 63. Rxb2 Rxa4+ 64. Kd5 Kc7 65. Bxg6 Rxh4 66. Bf5 Rf4 67. Be4 Nc5 68. Bb1 Rg4 69. g6 h4 70. Rh2 Na4 71. Bf5 Rg5 72. Ke6 Rg1 73. Rxh4 Nc5+ 74. Kf6 d5 75. g7 Kd6 76. Rh8 Rf1 77. g8Q Nd7+ 78. Kg7 Rg1+ 79. Bg6 d4 80. Qc4 Rg4 81. Rd8 Ke7 82. Re8+ Kd6 83. Re6# 1-0

[Event "SWE-chT 1516 Superettan"]
[Site "Sweden"]
[Date "2016.01.30"]
[Round "5"]
[White "Berovski, Krum"]
[Black "Jonsson, Mikael"]
[Result "1/2-1/2"]
[WhiteElo "2316"]
[BlackElo "2290"]
[PlyCount "65"]
[EventDate "2015.11.06"]
[EventType "team-tourn"]
[EventRounds "9"]
[EventCountry "SWE"]
[SourceTitle "EXT 2018"]
[Source "ChessBase"]
[SourceDate "2017.10.13"]
[SourceVersion "1"]
[SourceVersionDate "2017.10.13"]
[SourceQuality "1"]
[WhiteTeam "Stockholm Rockaden II"]
[BlackTeam "Solna"]
[WhiteTeamCountry "SWE"]
[BlackTeamCountry "SWE"]

1. d4 d5 2. c4 c6 3. Nc3 Nf6 4. cxd5 cxd5 5. Bf4 Nc6 6. e3 a6 7. Nf3 Bg4 8. Rc1 e6 9. Be2 Bxf3 10. Bxf3 Bd6 11. Bg5 0-0 12. 0-0 Rc8 13. Na4 h6 14. Bh4 Qc7 15. Bxf6 gxf6 16. g3 f5 17. Nc5 Qe7 18. Bg2 Rc7 19. Nxb7 Rxb7 20. Rxc6 Rxb2 21. Rxa6 Rc8 22. Qa4 Rcc2 23. Ra7 Bc7 24. Bf3 Kg7 25. Bh5 Qg5 26. Bd1 Bxg3 27. Bxc2 Bxh2+ 28. Kh1 Qh4 29. Rxf7+ Kxf7 30. Qd7+ Kf8 31. Qc8+ Ke7 32. Kg2 Qg4+ 33. Kxh2 1/2-1/2

[Event "SWE-chT 1516 Superettan"]
[Site "Sweden"]
[Date "2016.01.16"]
[Round "4"]
[White "Thorgeirsson, Sverrir"]
[Black "Jonsson, Mikael"]
[Result "1-0"]
[WhiteElo "2255"]
[BlackElo "2290"]
[PlyCount "103"]
[EventDate "2015.11.06"]
[EventType "team-tourn"]
[EventRounds "9"]
[EventCountry "SWE"]
[SourceTitle "EXT 2018"]
[Source "ChessBase"]
[SourceDate "2017.10.13"]
[SourceVersion "1"]
[SourceVersionDate "2017.10.13"]
[SourceQuality "1"]
[WhiteTeam "Upsala"]
[BlackTeam "Solna"]
[WhiteTeamCountry "SWE"]
[BlackTeamCountry "SWE"]

1. d4 d5 2. Nf3 Nf6 3. c4 c6 4. e3 Bf5 5. Nc3 e6 6. Nh4 Bg6 7. Be2 Nbd7 8. 0-0 Bd6 9. g3 Ne4 10. Nxg6 Nxc3 11. bxc3 hxg6 12. Rb1 dxc4 13. Bxc4 b6 14. e4 0-0 15. e5 Be7 16. f4 b5 17. Bd3 Nb6 18. g4 c5 19. f5 cxd4 20. fxg6 fxg6 21. Rxf8+ Bxf8 22. Qb3 Qd5 23. Qxd5 Nxd5 24. cxd4 a6 25. Bd2 Rc8 26. Rf1 Ba3 27. Bxg6 Rc7 28. Ba5 Rc4 29. Bf7+ Kh7 30. Rf3 Rc1+ 31. Kf2 Rc2+ 32. Ke1 Bc1 33. Bxe6 Rxa2 34. Bxd5 Rxa5 35. e6 Bg5 36. Rf7 Ra4 37. Be4+ Kh6 38. e7 Bxe7 39. Rxe7 Rxd4 40. h4 Rd6 41. Bf5 a5 42. Re6+ Rxe6+ 43. Bxe6 Kg6 44. Kd2 Kf6 45. Bd7 b4 46. Ba4 Ke5 47. Ke3 Kd5 48. Bb3+ Ke5 49. h5 Kf6 50. Kf4 g6 51. hxg6 Kxg6 52. g5 1-0

[Event "SWE-chT2 1314"]
[Site "Sweden"]
[Date "2014.01.17"]
[Round "6"]
[White "Rosberg, Simon"]
[Black "Jonsson, Mikael"]
[Result "1/2-1/2"]
[WhiteElo "2237"]
[BlackElo "2326"]
[PlyCount "88"]
[EventDate "2013.11.22"]
[EventType "team-tourn"]
[EventRounds "9"]
[EventCountry "SWE"]
[SourceTitle "EXT 2015"]
[Source "ChessBase"]
[SourceDate "2014.11.20"]
[SourceVersion "1"]
[SourceVersionDate "2014.11.20"]
[SourceQuality "1"]
[WhiteTeam "Norrkoping Schack 08"]
[BlackTeam "Solna"]
[WhiteTeamCountry "SWE"]
[BlackTeamCountry "SWE"]

1. Nf3 d5 2. g3 Nc6 3. d4 Nf6 4. Bg2 Bf5 5. 0-0 e6 6. c4 dxc4 7. Qa4 Qd7 8. Qxc4 Be4 9. Nc3 Na5 10. Qb5 Qxb5 11. Nxb5 Nd5 12. Bd2 Nc6 13. Rfc1 a6 14. Nc3 Nxc3 15. Bxc3 Rg8 16. Nd2 Bxg2 17. Kxg2 0-0-0 18. Nb3 Rd7 19. e4 Be7 20. Rd1 Rgd8 21. Rd2 f5 22. Re1 Bf8 23. Rde2 g6 24. Nc5 Bxc5 25. dxc5 Rd1 26. h4 Rxe1 27. Rxe1 Rd3 28. h5 Kd7 29. hxg6 hxg6 30. Rh1 fxe4 31. Rh7+ Kc8 32. Rg7 e3 33. fxe3 Rxe3 34. Rxg6 Ne7 35. Rg7 Nd5 36. Kf2 Re4 37. Bd2 Rc4 38. g4 Rxc5 39. g5 Rc2 40. Ke1 Rxb2 41. g6 Rb1+ 42. Kf2 Rb2 43. Ke1 Rb1+ 44. Kf2 Rb2 1/2-1/2

[Event "SWE-chT2 1314"]
[Site "Sweden"]
[Date "2013.11.24"]
[Round "3"]
[White "Jonsson, Mikael"]
[Black "Lyrberg, Patrik"]
[Result "1/2-1/2"]
[WhiteElo "2326"]
[BlackElo "2442"]
[PlyCount "76"]
[EventDate "2013.11.22"]
[EventType "team-tourn"]
[EventRounds "9"]
[EventCountry "SWE"]
[SourceTitle "EXT 2015"]
[Source "ChessBase"]
[SourceDate "2014.11.20"]
[SourceVersion "1"]
[SourceVersionDate "2014.11.20"]
[SourceQuality "1"]
[WhiteTeam "Solna"]
[BlackTeam "Kungstornet"]
[WhiteTeamCountry "SWE"]
[BlackTeamCountry "SWE"]

1. d4 Nf6 2. c4 e6 3. Nc3 d5 4. Bg5 Be7 5. e3 b6 6. Nf3 Bb7 7. Be2 Nbd7 8. 0-0 0-0 9. Rc1 c5 10. dxc5 Nxc5 11. Qd4 dxc4 12. Bxc4 Qxd4 13. Nxd4 Rfc8 14. Rfd1 a6 15. Be2 Kf8 16. Nf3 Nd5 17. Bxe7+ Kxe7 18. Ne5 b5 19. Bf3 Nf6 20. Bxb7 Nxb7 21. Ne2 Rc5 22. Nd4 Ke8 23. Rxc5 Nxc5 24. Rc1 Ncd7 25. Nd3 Nd5 26. Rc6 e5 27. Nf5 g6 28. Nd6+ Ke7 29. Ne4 f5 30. Ng5 e4 31. Nf4 Nxf4 32. exf4 h6 33. Ne6 Nb8 34. Rb6 Nd7 35. Rc6 Nb8 36. Rb6 Nd7 37. Rc6 Nb8 38. Rb6 Nd7 1/2-1/2

[Event "SWE-chT2 1213"]
[Site "Sweden"]
[Date "2013.03.15"]
[Round "7"]
[White "Renman, Nils Gustaf"]
[Black "Jonsson, Mikael"]
[Result "1/2-1/2"]
[WhiteElo "2352"]
[BlackElo "2330"]
[PlyCount "155"]
[EventDate "2012.10.20"]
[EventType "team-tourn"]
[EventRounds "9"]
[EventCountry "SWE"]
[SourceTitle "EXT 2015"]
[Source "ChessBase"]
[SourceDate "2014.11.20"]
[SourceVersion "1"]
[SourceVersionDate "2014.11.20"]
[SourceQuality "1"]
[WhiteTeam "Norrkoping Schack 08"]
[BlackTeam "Solna"]
[WhiteTeamCountry "SWE"]
[BlackTeamCountry "SWE"]

1. d4 d5 2. Nf3 c5 3. c4 dxc4 4. e3 Nf6 5. Bxc4 e6 6. 0-0 a6 7. Qe2 Nc6 8. dxc5 Bxc5 9. a3 0-0 10. b4 Be7 11. Bb2 b5 12. Bd3 Qd5 13. e4 Qh5 14. Nbd2 Bb7 15. Rfd1 Qh6 16. Rac1 Rfd8 17. Nb3 Nd7 18. e5 Rac8 19. Be4 Ba8 20. Rc2 Nb6 21. Rxd8+ Bxd8 22. Na5 Nd5 23. Bxd5 exd5 24. Nb3 Qg6 25. Nc5 d4 26. Nd3 Bb7 27. Rc5 Bb6 28. Rd5 Re8 29. Qd1 h6 30. h3 Qe4 31. Rd7 Re7 32. Rd6 Bc7 33. Nc5 Qf5 34. g4 Qf4 35. Nxb7 Nxe5 36. Nxe5 Qxe5 37. Qxd4 Bxd6 38. Nxd6 Qxd4 39. Bxd4 Re1+ 40. Kg2 Rd1 41. Nf5 f6 42. Kf3 Rd3+ 43. Ke4 Rxa3 44. h4 a5 45. bxa5 Rxa5 46. Kd5 Ra3 47. Kc5 Rb3 48. h5 Rb1 49. Be3 b4 50. Kc4 b3 51. Kc3 Kf7 52. Bf4 Kg8 53. Bg3 Kf7 54. Nd4 b2 55. Nf3 f5 56. gxf5 Kf6 57. Kc2 Rh1 58. Kxb2 Kxf5 59. Nd4+ Kf6 60. Kc3 Rxh5 61. Kd3 Ra5 62. Ke4 g5 63. f4 gxf4 64. Bxf4 h5 65. Kf3 Ra4 66. Be3 Ke5 67. Kg3 Ra3 68. Kf3 h4 69. Nc6+ Kf5 70. Nd4+ Kf6 71. Kf4 h3 72. Nf3 Kg6 73. Bg1 Ra1 74. Kg3 Kf5 75. Kxh3 Kf4 76. Kg2 Ra2+ 77. Bf2 Rxf2+ 78. Kxf2 1/2-1/2

[Event "SWE-chT 1011"]
[Site "Sweden"]
[Date "2011.03.13"]
[Round "11"]
[White "Kockum, Anton Frisk"]
[Black "Jonsson, Mikael"]
[Result "0-1"]
[WhiteElo "2322"]
[BlackElo "2332"]
[PlyCount "118"]
[EventDate "2010.10.08"]
[EventType "team-tourn"]
[EventRounds "11"]
[EventCountry "SWE"]
[SourceTitle "EXT 2012"]
[Source "ChessBase"]
[SourceDate "2011.11.24"]
[SourceVersion "1"]
[SourceVersionDate "2011.11.24"]
[SourceQuality "1"]
[WhiteTeam "Orgryte"]
[BlackTeam "Solna"]
[WhiteTeamCountry "SWE"]
[BlackTeamCountry "SWE"]

1. e4 e5 2. Nf3 Nc6 3. Bb5 a6 4. Ba4 Nf6 5. d4 exd4 6. 0-0 Be7 7. Re1 b5 8. e5 Nxe5 9. Rxe5 bxa4 10. Nxd4 0-0 11. Qf3 Bd6 12. Re2 Rb8 13. Nc3 Bb7 14. Qh3 Re8 15. Bg5 Rxe2 16. Ncxe2 h6 17. Bh4 Qe7 18. Re1 Re8 19. Nf5 Qe6 20. Nxd6 Qxh3 21. gxh3 cxd6 22. Bxf6 gxf6 23. f4 Bd5 24. Kf2 Bxa2 25. Nc3 Rxe1 26. Kxe1 Be6 27. Nxa4 Kg7 28. Kd2 Kg6 29. Ke3 Kh5 30. b4 Kh4 31. Kd4 Bxh3 32. c4 Bf1 33. Nb6 Kh3 34. Nxd7 Kxh2 35. Nxf6 Kg3 36. c5 dxc5+ 37. bxc5 Kxf4 38. c6 Bh3 39. Nd5+ Kg5 40. c7 h5 41. Ke5 Bc8 42. Nb6 Bb7 43. Nc4 a5 44. Nxa5 Ba6 45. Nb3 h4 46. Nc5 Bc8 47. Ne4+ Kg4 48. Kf6 Kf4 49. Ng5 Bg4 50. Nxf7 h3 51. Ng5 h2 52. Ne6+ Bxe6 53. Kxe6 h1Q 54. Kd7 Qh3+ 55. Kd8 Qd3+ 56. Kc8 Qb5 57. Kd8 Qb6 58. Kd7 Qa7 59. Kd8 Ke5 0-1

[Event "SWE-chT 1011"]
[Site "Sweden"]
[Date "2010.11.13"]
[Round "4"]
[White "Agrest, Evgenij"]
[Black "Jonsson, Mikael"]
[Result "1-0"]
[WhiteElo "2585"]
[BlackElo "2332"]
[PlyCount "71"]
[EventDate "2010.10.08"]
[EventType "team-tourn"]
[EventRounds "11"]
[EventCountry "SWE"]
[SourceTitle "EXT 2012"]
[Source "ChessBase"]
[SourceDate "2011.11.24"]
[SourceVersion "1"]
[SourceVersionDate "2011.11.24"]
[SourceQuality "1"]
[WhiteTeam "Team Viking"]
[BlackTeam "Solna"]
[WhiteTeamCountry "SWE"]
[BlackTeamCountry "SWE"]

1. Nf3 d5 2. d4 Nf6 3. c4 c6 4. Qb3 dxc4 5. Qxc4 Bf5 6. g3 e6 7. Bg2 Nbd7 8. 0-0 Be7 9. e3 0-0 10. Rd1 Rc8 11. Qe2 Qc7 12. h3 h6 13. Nc3 Ne4 14. Nd2 Nxc3 15. bxc3 Bc2 16. Re1 c5 17. Nb3 Bg6 18. e4 cxd4 19. cxd4 b6 20. Be3 Qc4 21. Qxc4 Rxc4 22. Bf1 Rc7 23. Bf4 Rc3 24. Bb5 Nf6 25. Bd2 Rc7 26. f3 Ba3 27. Red1 Rd8 28. Bc1 Bd6 29. g4 Nd7 30. Bb2 Nb8 31. Rac1 Rdc8 32. Rxc7 Rxc7 33. Bd3 Bf4 34. Kf2 f6 35. Ba3 Bf7 36. e5 1-0

[Event "SWE-chT 1011"]
[Site "Sweden"]
[Date "2010.10.10"]
[Round "3.1"]
[White "Gdanski, Jacek"]
[Black "Jonsson, Mikael"]
[Result "1/2-1/2"]
[WhiteElo "2542"]
[BlackElo "2332"]
[PlyCount "55"]
[EventDate "2010.10.08"]
[EventType "team-tourn"]
[EventRounds "11"]
[EventCountry "SWE"]
[SourceTitle "CBM 138 Extra"]
[Source "ChessBase"]
[SourceDate "2010.10.29"]
[SourceVersion "1"]
[SourceVersionDate "2010.10.29"]
[SourceQuality "1"]
[WhiteTeam "Eksjo"]
[BlackTeam "Solna"]
[WhiteTeamCountry "SWE"]
[BlackTeamCountry "SWE"]

1. e4 e5 2. Nf3 Nc6 3. Bb5 a6 4. Ba4 Nf6 5. 0-0 Be7 6. Re1 b5 7. Bb3 0-0 8. h3 Bb7 9. d3 d6 10. a3 Nd4 11. Nxd4 exd4 12. c3 dxc3 13. Nxc3 c5 14. Bf4 Re8 15. a4 b4 16. Ne2 d5 17. e5 Nd7 18. d4 c4 19. Bc2 Nf8 20. Be3 Bc8 21. b3 Be6 22. a5 Qd7 23. bxc4 dxc4 24. Ba4 Qb7 25. Bxe8 Rxe8 26. Nf4 Rd8 27. Rb1 Bd5 28. Qa4 1/2-1/2

[Event "SWE-chT2 0910"]
[Site "Sweden"]
[Date "2010.02.27"]
[Round "6"]
[White "Jonsson, Mikael"]
[Black "Greiff, Hakan"]
[Result "1-0"]
[WhiteElo "2317"]
[BlackElo "2268"]
[PlyCount "57"]
[EventDate "2009.10.24"]
[EventType "team"]
[EventRounds "9"]
[EventCountry "SWE"]
[SourceTitle "EXT 2011"]
[Source "ChessBase"]
[SourceDate "2010.11.26"]
[SourceVersion "1"]
[SourceVersionDate "2010.11.26"]
[SourceQuality "1"]
[WhiteTeam "Solna"]
[BlackTeam "Rodeby"]
[WhiteTeamCountry "SWE"]
[BlackTeamCountry "SWE"]

1. e4 e5 2. Nf3 Nc6 3. Bb5 a6 4. Ba4 d6 5. Bxc6+ bxc6 6. d4 exd4 7. Nxd4 Bd7 8. 0-0 g6 9. Re1 Bg7 10. Qd3 Ne7 11. Nc3 0-0 12. Bg5 f6 13. Bh4 Qc8 14. Rad1 Rb8 15. b3 Rf7 16. f4 Qb7 17. f5 Qc8 18. g4 Bh6 19. Nde2 gxf5 20. exf5 Rg7 21. Ng3 Qf8 22. Nce4 Nd5 23. h3 Rf7 24. Qd4 Bf4 25. Nh5 Be5 26. Qd2 Ne7 27. Nexf6+ Rxf6 28. Rxe5 Rf7 29. Qg5+ 1-0

[Event "SWE-chT2 0910"]
[Site "Sweden"]
[Date "2010.02.06"]
[Round "5"]
[White "Jonsson, Mikael"]
[Black "Sjoberg, Mats"]
[Result "1-0"]
[WhiteElo "2317"]
[BlackElo "2340"]
[PlyCount "72"]
[EventDate "2009.10.24"]
[EventType "team"]
[EventRounds "9"]
[EventCountry "SWE"]
[SourceTitle "EXT 2011"]
[Source "ChessBase"]
[SourceDate "2010.11.26"]
[SourceVersion "1"]
[SourceVersionDate "2010.11.26"]
[SourceQuality "1"]
[WhiteTeam "Solna"]
[BlackTeam "Sodra"]
[WhiteTeamCountry "SWE"]
[BlackTeamCountry "SWE"]

1. d4 Nf6 2. c4 e6 3. Nc3 Bb4 4. Qc2 c5 5. dxc5 Bxc5 6. Bf4 e5 7. Bg3 Nc6 8. e3 Qa5 9. Nf3 Bb4 10. Rc1 d6 11. a3 Bxc3+ 12. Qxc3 Qxc3+ 13. Rxc3 Ne4 14. Rc1 a5 15. b3 Bf5 16. Be2 h5 17. h3 Nxg3 18. fxg3 Ke7 19. 0-0 Be6 20. Ng5 g6 21. Bf3 f6 22. Ne4 f5 23. Nc3 e4 24. Be2 Ne5 25. Rfd1 Rhc8 26. Rd4 Ra6 27. Rcd1 Rb6 28. Nb5 Nf7 29. b4 axb4 30. axb4 Bd7 31. Nc3 Be6 32. b5 Ra8 33. Kf2 Ra3 34. Na4 Rxa4 35. c5 Rxd4 36. exd4 e3+ 1-0

[Event "SWE-chT2 0910"]
[Site "Sweden"]
[Date "2009.10.25"]
[Round "2"]
[White "Jonsson, Mikael"]
[Black "Backman, Michael"]
[Result "1-0"]
[WhiteElo "2317"]
[BlackElo "2156"]
[PlyCount "71"]
[EventDate "2009.10.24"]
[EventType "team"]
[EventRounds "9"]
[EventCountry "SWE"]
[SourceTitle "EXT 2011"]
[Source "ChessBase"]
[SourceDate "2010.11.26"]
[SourceVersion "1"]
[SourceVersionDate "2010.11.26"]
[SourceQuality "1"]
[WhiteTeam "Solna"]
[BlackTeam "Stockholm Rockaden II"]
[WhiteTeamCountry "SWE"]
[BlackTeamCountry "SWE"]

1. e4 c6 2. d4 d5 3. e5 c5 4. dxc5 e6 5. Nf3 Bxc5 6. Bd3 Ne7 7. c3 a6 8. Qa4+ Nbc6 9. Qg4 Ng6 10. 0-0 f5 11. Qh5 Kd7 12. Re1 Kc7 13. Na3 Ba7 14. b4 d4 15. Bg5 Qe8 16. b5 Qf8 17. Nc2 axb5 18. Ncxd4 Bxd4 19. cxd4 b4 20. Bb5 Ra5 21. Bxc6 bxc6 22. Bd2 Ra4 23. Ng5 Ne7 24. Qd1 Ra8 25. Bxb4 h6 26. Nf3 Qd8 27. Bd6+ Kd7 28. Nd2 Nd5 29. Qc2 Ba6 30. Rec1 Rc8 31. Nb3 c5 32. Nxc5+ Rxc5 33. Qxc5 Qa8 34. Qa5 Ke8 35. Rc7 h5 36. Qa4+ 1-0